| 000 | 00675nam a22002057a 4500 | ||
|---|---|---|---|
| 003 | OSt | ||
| 005 | 20140310182345.0 | ||
| 008 | 130927t xxu||||| |||| 00| 0 eng d | ||
| 020 | _a9780737302226 | ||
| 050 |
_aQP 37 _b.B491 1999 |
||
| 082 |
_aQP 37 _b.B491 1999 |
||
| 245 |
_a101 things every kid should know about the human body / _cSamantha Beres |
||
| 260 |
_aLos Angeles : _bLowell House Juvenile, _cc1999. |
||
| 300 |
_a128 p. : _bill., _c25 cm. |
||
| 650 |
_aBody, human _xJuvenile literature _921933 |
||
| 650 |
_aHuman anatomy _xJuvenile literature _921934 |
||
| 650 |
_aHuman physiology _xJuvenile literature _921935 |
||
| 942 |
_2lcc _cBK-GS |
||
| 999 |
_c12222 _d12222 |
||